top 100 most streamed ariana grande songs - Statistics

General Stats
  • This quiz has been taken 128 times
    22 since last reset
  • The average score is 66 of 100
Answer Stats
streams song album % Correct
2.1B+ thank u, next thank u, next
100%
2.7B+ 7 rings thank u, next
94%
1.2B+ God is a woman sweetener
94%
2.1B+ save your tears (remix) feature (with the weeknd)
94%
1.5B+ dangerous woman dangerous woman
88%
500M+ needy thank u, next
88%
1.5B+ santa tell me christmas & chill
88%
200M+ sweetener sweetener
88%
700M+ yes, and? eternal sunshine
88%
1.1B+ 34 + 35 positions
81%
1.6B+ bang bang my everything (with jessie j and nicki minaj)
81%
1B+ boyfriend collab (with social house)
81%
1.1B+ break free my everything (with zedd)
81%
1.1B+ break up with your girlfriend, i'm bored thank u, next
81%
700M+ everyday dangerous woman (with future)
81%
400M+ imagine thank u, next
81%
1.8B+ into you dangerous woman
81%
600M+ motive positions (with doja cat)
81%
1.5B+ no tears left to cry sweetener
81%
2B+ one last time my everything
81%
100M+ popular wicked soundtrack
81%
1.7B+ positions positions
81%
1B+ rain on me feature (with lady gaga)
81%
600M+ the boy is mine eternal sunshine
81%
500M+ the way yours truly (with mac miller)
81%
1.8B+ we can't be friends (wait for your love) eternal sunshine
81%
100M+ baby i yours truly
75%
700M+ breathin sweetener
75%
1.2B+ die for you (remix) feature (with the weeknd)
75%
400M+ don't call me angel (charlie's angels) soundtrack (with lana del rey and miley cyrus)
75%
500M+ let me love you dangerous woman (with lil wayne)
75%
1.3B+ love me harder my everything (with the weeknd)
75%
100M+ make up thank u, next
75%
300M+ nasa thank u, next
75%
600M+ pov positions
75%
1.1B+ problem my everything (with iggy azalea)
75%
1.8B+ side to side dangerous woman (with nicki minaj)
75%
1.4B+ stuck with u collab (with justin bieber)
75%
400M+ supernatural eternal sunshine
75%
100M+ the light is coming sweetener (with nicki minaj)
75%
200M+ touch it dangerous woman
75%
300M+ bed feature (with nicki minaj)
69%
100M+ be my baby my everything (with cashmere cat)
69%
600M+ bloodline thank u, next
69%
200M+ bye eternal sunshine
69%
200M+ fake smile thank u, next
69%
200M+ honeymoon avenue yours truly
69%
300M+ in my head thank u, next
69%
500M+ intro (end of the world) eternal sunshine
69%
100M+ my hair positions
69%
100M+ off the table positions (with the weeknd)
69%
100M+ popular song yours truly (with MIKA)
69%
200M+ safety net positions (with ty dolla $ign)
69%
100M+ successful sweetener
69%
400M+ almost is never enough yours truly (with nathan skyes)
63%
300M+ bad idea thank u, next
63%
300M+ be alright dangerous woman
63%
200M+ best mistake my everything (with big sean)
63%
200M+ daydreamin' yours truly
63%
100M+ don't wanna break up again eternal sunshine
63%
400M+ everytime sweetener
63%
300M+ focus single (2015)
63%
200M+ goodnight n go sweetener
63%
300M+ greedy dangerous woman
63%
200M+ i don't do drugs feature (with doja cat)
63%
100M+ imperfect for you eternal sunshine
63%
100M+ obvious positions
63%
200M+ rem sweetener
63%
100M+ right there yours truly
63%
100M+ tattooed heart yours truly
63%
100M+ true story eternal sunshine
63%
200M+ twilight zone eternal sunshine: brighter days ahead
63%
200M+ 34 + 35 (remix) positions (with doja cat and megan thee stallion)
56%
100M+ better off sweetener
56%
300M+ dance to this feature (with troye sivan)
56%
200M+ defying gravity wicked soundtrack (with cynthia erivo)
56%
300M+ ghostin thank u, next
56%
400M+ good as hell (remix) feature (with lizzo)
56%
200M+ moonlight dangerous woman
56%
200M+ my everything my everything
56%
200M+ nasty positions
56%
100M+ pete davidson sweetener
56%
200M+ quit feature (with cashmere cat)
56%
100M+ raindrops (an angel cried) sweetener
56%
100M+ i wish i hated you eternal sunshine
50%
200M+ just like magic positions
50%
200M+ monopoly collab (with victoria monet)
50%
300M+ beauty and the beast soundtrack (with john legend)
44%
400M+ my favorite part feature (with mac miller)
44%
200M+ santa, can't you hear me christmas feature (with kelly clarkson)
44%
100M+ just a little bit of your heart my everything
38%
300M+ last christmas christmas kisses
38%
100M+ met him last night feature (with demi lovato)
38%
200M+ santa baby christmas kisses (with liz gilles)
38%
100M+ thinking bout you dangerous woman
38%
100M+ what is this feeling? wicked soundtrack (with cynthia erivo)
31%
100M+ heatstroke feature (with calvin harris, pharrell williams and young thug)
25%
100M+ oh, santa! feature (with mariah carey and jennifer hudson)
25%
100M+ winter things christmas & chill
25%
200M+ over and over again feature (with nathan skyes)
19%
No matching quizzes found
Score Distribution
Percent of People with Each Score
Percentile by Number Answered
Your Score History
You have not taken this quiz since the last reset